00767nam a22002177a 450000500170000001000150001702000260003203500130005803700130007108200110008410000150009524500690011026000340017927000710021330000340028450000500031870000150036894200250038399900170040895201240042520151021120900.0 aENG-114062 c425.00a9788120350410 aEN-97594 bDBAD/PUB a660.63 aKhan, M.Y. aPrinciples of enzyme technology /cby M.Y. Khan [and] Farha Khan aNew DelhibPHI Learningc2015 aRimjhim House,111, Patparganj Industrial EstatebNew Delhie110092 axviii,374p.:c25cm(pbk)bill. aIncludes bibliographical references and index aFarha Khan 2ddccENmKHAh660.63 c96993d96993 001040718NFICaDBADbDBADd2015-09-16eDBAD/PUBg425.00l0o660.63 KHApEN-97594r2015-09-16 00:00:00t1v425.00yEN